Luật dân sự : Sách hướng dẫn học tập

Giới thiệu khái quát về nghĩa vụ, lưu thông nghĩa vụ và chấm dứt nghĩa vụ.

Saved in:
Bibliographic Details
Main Author: Nguyễn, Thị Ngọc Tuyền
Format: Book
Language:Undetermined
Published: Cần Thơ Nxb. Đại học Cần Thơ 2015
Subjects:
Tags: Add Tag
No Tags, Be the first to tag this record!
Institutions: Trung tâm Học liệu Trường Đại học Cần Thơ
LEADER 00803nam a2200229Ia 4500
001 CTU_229812
008 210402s9999 xx 000 0 und d
082 |a 346.597 
082 |b T527/P.2 
100 |a Nguyễn, Thị Ngọc Tuyền 
245 0 |a Luật dân sự : 
245 0 |b Sách hướng dẫn học tập 
245 0 |c Nguyễn Thị Ngọc Tuyền (Biên soạn) 
260 |a Cần Thơ 
260 |b Nxb. Đại học Cần Thơ 
260 |c 2015 
520 |a Giới thiệu khái quát về nghĩa vụ, lưu thông nghĩa vụ và chấm dứt nghĩa vụ. 
650 |a Luật dân sự,Civil law 
650 |x Vietnam 
650 |z Việt Nam 
910 |b nthai 
980 |a Trung tâm Học liệu Trường Đại học Cần Thơ